| 000 | 00534nam a22001937a 4500 | ||
|---|---|---|---|
| 005 | 20240108100011.0 | ||
| 008 | 240108b ||||| |||| 00| 0 eng d | ||
| 020 | _a9780534375766 | ||
| 040 | _cAL | ||
| 041 | _aeng | ||
| 082 |
_223 _a520 _bSEEF |
||
| 100 |
_aMichael A Seeds _9147573 |
||
| 245 | _aFoundations of astronomy | ||
| 260 |
_aBelmont _bWadsworth Publishing Co. _c1998 |
||
| 300 |
_axvi,640p. _bHB _c27.5x22cm. |
||
| 650 |
_2General _aAstrology _9147574 |
||
| 700 |
_aGrundy, Joseph R; et al. _9147575 |
||
| 942 |
_2ddc _cBK |
||
| 999 |
_c229585 _d229585 |
||